| 000 | 00741nam a2200253Ia 4500 | ||
|---|---|---|---|
| 003 | OSt | ||
| 005 | 20220928112544.0 | ||
| 006 | a|||||r|||| 00| 0 | ||
| 007 | ta | ||
| 008 | 220927b |||||||| |||| 00| 0 eng d | ||
| 024 | _a25382 | ||
| 037 | _cReference Collections | ||
| 040 |
_aSDCL _cSDCL _beng |
||
| 041 |
_2eng _aeng |
||
| 082 | _ak1,N, N6 RR | ||
| 100 |
_aHornblower Simon Ed. _9428747 |
||
| 245 | 0 | _aOxford classical dictionary. | |
| 250 | _a3 | ||
| 260 |
_aNew York _b Oxford University Press _c1996 |
||
| 300 |
_aliv,1640p _ccm. |
||
| 700 |
_a Spawforth Antony Ed. _9428748 |
||
| 942 |
_hk1,N, N6 RR _cREF _2CC |
||
| 999 |
_c745270 _d745270 |
||